Sensible World Airport Codes - Statistics

General Stats
  • This quiz has been taken 519 times
  • The average score is 18 of 20
Answer Stats
Hint Answer % Correct
MEX Mexico City
99%
SYD Sydney
99%
LIM Lima
98%
MEL Melbourne
98%
TUN Tunis
98%
BOG Bogotá
97%
HAV Havana
97%
ALG Algiers
94%
WUH Wuhan
94%
CAI Cairo
93%
PER Perth
92%
HAN Hanoi
91%
SIN Singapore
91%
ADD Addis Ababa
89%
ACC Accra
87%
DAM Damascus
87%
NAS Nassau
80%
KIN Kingston
78%
HYD Hyderabad
77%
JUB Juba
71%
No matching quizzes found
Score Distribution
Percent of People with Each Score
Percentile by Number Answered
Your Score History
You have not taken this quiz